000 00472nmm a2200169Ia 4500
008 251105s9999||||xx |||||||||||||||||und||
020 _a9562823814
041 _aspa
100 _aDíaz Eterovic, Ramón
245 0 _aEl ojo del alma
264 _a[Santiago de Chile, Chile] :
_bLOM Ediciones,
_c2001
300 _a250 páginas
490 _aNarrativa
650 _aLatin American narrative
856 _uhttps://public.digitaliapublishing.com/a/13028
942 _cCF
999 _c74316
_d74316